| 000 | 00675nam a22002172 4500 | ||
|---|---|---|---|
| 001 | 0000018659 | ||
| 005 | 20151021151128.0 | ||
| 008 | 100316s xx 000 0 eng d | ||
| 020 | _a9966949429 : | ||
| 040 |
_aKABU _cKABU |
||
| 245 | 1 | 0 |
_aRegional integration study of East Africa : _bthe case of Kenya / _cNehemiah K. Ng'eno ... [et al.] |
| 250 | _a1st ed. | ||
| 260 |
_aNairobi : _bKIPPRA, _c2003. |
||
| 300 | _axiv, 129 p. | ||
| 650 | 0 |
_aTariff _zKenya. _@0000177976 |
|
| 650 | 0 |
_aFree trade _zKenya. _@0000177977 |
|
| 700 | 1 |
_aNg'eno, Nehemiah K. _@0000177978 |
|
| 908 | _a100316 | ||
| 950 | _@1 | ||
| 999 |
_c975 _d975 |
||